| 000 | 00523nam a2200169 a 4500 | ||
|---|---|---|---|
| 001 | 000040714 | ||
| 005 | 20201002034326.0 | ||
| 008 | 130905s2006 sp ac 000 0 spa d | ||
| 020 | _a9788425218811 | ||
| 040 |
_aDO-SdBNP _bspa _cBNPHU |
||
| 100 | 1 |
_aFreund, Giséle _967103 |
|
| 240 | 1 | 0 |
_aPhotophie et soiété _lEspañol |
| 245 | 1 | 3 |
_aLa fotografía como documento social / _cGiséle Freund. |
| 260 |
_aBarcelona : _bGustavo Gili, _c2006. |
||
| 300 |
_a207 p. : _bils., retrs. ; _c21 cm. |
||
| 504 | _aBibliografía : p. 207 | ||
| 999 |
_c40204 _d40204 |
||